000 00836nmm a2200277 a 4500
001 ocm000884726
003 TR-IsHL
005 20201028143755.0
008 141121s2013 tu tur
007 cr cn
020 _a9789944979832
035 _a884726
_b(N$T)
050 0 4 _aPL248.Ç37
_bA45 2013
090 0 4 _aPL248.Ç37
_bA45 2013
100 1 _aÇaşkurlu, Adnan
245 1 0 _aAğla mum
_h[electronic resource] /
_cAdnan Çaşkurlu
250 _a2. bs.
260 _aİstanbul :
_bAvrupa Yakası Yayınları,
_c2013
300 _a137 p.
650 4 _aDil ve Edebiyat
650 4 _aLanguage and Literature
650 0 _aTürk şiiri
650 0 _aTurkish poetry
650 7 _aPOETRY / Middle Eastern
_2bisacsh
856 4 0 _uhttp://search.ebscohost.com/login.aspx?direct=true&scope=site&db=e011xww&AN=884726
999 _c9079
_d9079